People Named Jimmy Quiz Stats

 Plays Quiz not verified by Sporcle

Score 0/15 Timer 06:00
0 Plays Today
Names % Correct
Dumbo (the Elephant)
62.5%
Adolf Hitler
50%
Abraham Lincoln
37.5%
Michael Jordan
37.5%
Sarah Jessica Parker
37.5%
the I like turtles kid
25%
Carl Weathers
25%
Leonardo DiCaprio
12.5%
Names % Correct
Scott Stapp
12.5%
Carl Sandberg
12.5%
Alexander
0%
Stephen Colbert
0%
Proust
0%
Leonard Cohen
0%
Milton Berle
0%

You're not logged in!

Compare scores with friends on all Sporcle quizzes.
OR
Log In

Show Comments

Extras

Created Nov 12, 2010ReportNominate
Tags:jimmy, name

Top Quizzes Today


Score Distribution

Your Account Isn't Verified!

In order to create a playlist on Sporcle, you need to verify the email address you used during registration. Go to your Sporcle Settings to finish the process.

Report this User

Report this user for behavior that violates our Community Guidelines.

Details: